Estadísticas para Nombra esa Fruta

Haz click aquí para intentar la prueba.

Estadísticas generales

  • Esta prueba ha sido intentada 2.067 veces
  • La puntuación promedio es 12 de 20

Estadísticas de respuestas

Respuesta% Correcto
Fresa
98%
Kiwi
98%
Pera
98%
Piña
98%
Aguacate
97%
Sandía
96%
Granada
88%
Mango
85%
Mora
80%
Papaya
78%
Higo
63%
Parcha
47%
Guayaba
44%
Lichi
43%
Caqui
42%
Membrillo
31%
Grosella
23%
Rambután
16%
Jaca
12%
Kumquat
11%

Distribución de puntuación

Porcentaje por número respondido

Porcentaje de gente con cada puntuación

Historial de tus puntuaciones

No has intentado esta prueba.